[Event "FRA-chT4 1314"]
[Site "Champagne Ardennes"]
[Date "2013.10.13"]
[Round "1"]
[White "Jouniaux, Stephane"]
[Black "Bryl, Laura"]
[Result "1-0"]
[WhiteElo "1664"]
[BlackElo "1199"]
[PlyCount "41"]
[EventDate "2013.10.25"]
[EventType "team-tourn"]
[EventRounds "7"]
[EventCountry "FRA"]
[SourceTitle "EXT 2024"]
[Source "ChessBase"]
[SourceDate "2023.10.10"]
[SourceVersion "1"]
[SourceVersionDate "2023.10.10"]
[SourceQuality "1"]

1. d4 d5 2. c4 c6 3. Nf3 Nf6 4. cxd5 cxd5 5. Nc3 e6 6. Bg5 h6 7. Bh4 Bb4 8. e3 Nc6 9. Bd3 0-0 10. 0-0 Bd6 11. Ne2 Ng4 12. Bxd8 Nxd8 13. h3 Nf6 14. Rc1 Nc6 15. Nc3 Nb4 16. Bb1 b6 17. a3 Nc6 18. Nxd5 exd5 19. Rxc6 Be7 20. Qd3 Nh7 21. Qxh7# 1-0

[Event "FRA-chT4"]
[Site "France"]
[Date "2012.10.14"]
[Round "1"]
[White "Bryl, Laura"]
[Black "Gervaise, Marina"]
[Result "0-1"]
[WhiteElo "1199"]
[BlackElo "1650"]
[PlyCount "40"]
[EventDate "2012.10.24"]
[EventType "team-swiss"]
[EventRounds "9"]
[EventCountry "FRA"]
[SourceTitle "EXT 2014"]
[Source "ChessBase"]
[SourceDate "2013.11.20"]
[SourceVersion "1"]
[SourceVersionDate "2013.11.20"]
[SourceQuality "1"]

1. e4 e5 2. Nf3 Nc6 3. Bc4 Bc5 4. 0-0 d6 5. d3 h6 6. Nc3 Bg4 7. Bd2 Nge7 8. h3 Bh5 9. Qe2 Nd4 10. Qd1 Qd7 11. Be3 Nxf3+ 12. Kh1 Nc6 13. gxf3 Qxh3+ 14. Kg1 Bxf3 15. Qxf3 Qxf3 16. Bxc5 dxc5 17. Nd5 0-0-0 18. Rae1 Rd6 19. Re3 Rg6+ 20. Kh2 Qg2# 0-1